00773 a2200169 45000010006000000050017000060080041000230030015000640400040000790800110001192450075002290200018003042640068003223000019003905050167004091000027005762693620260407155547.0260407a1980 arg spa dAR-UNSa-BCEJYS aAR-UNSa-BCEJYSbspacAR-UNSa-BCEJYS a711xPrincipios y práctica de la ordenación. Ordenación del territorio, ordenación urbana y rural10aTeoría de la ciudadpideas fundamentales para un urbanismo humanista a84-7088-255-4 1aMadrid :bInstituto de Estudios de Administración Localc1980 a254 p.c21 cm. a1. Ideas generales - 2. Conceptos de sociología urbana - 3. La evolución del urbanismo - 4. Los problemas de la ciudad moderna - 5. Hacia la ciudad del futuro1 aAlomar Esteve, Gabriel